[Event "388 Stay Safe Play From Home series"]
[Site "Emanuel Lasker Arena"]
[Date "2020.08.17"]
[Round "4"]
[White "Fat Kevin"]
[Black "Hickey"]
[Result "1-0"]
[WhiteElo "1930"]
[BlackElo "2259"]
[PlyCount "91"]
[EventDate "2020.08.17"]
[EventType "swiss (blitz)"]

1. g3 {[%emt 0:00:01]} Nf6 {[%emt 0:00:02]} 2. Bg2 {[%emt 0:00:00]} c5 {[%emt 0:00:01]} 3. c4 {[%emt 0:00:00]} Nc6 {[%emt 0:00:00]} 4. Nc3 {[%emt 0:00:00]} b6 {[%emt 0:00:00]} 5. e4 {[%emt 0:00:00]} Bb7 {[%emt 0:00:00]} 6. Nf3 {[%emt 0:00:02]} d6 {[%emt 0:00:02]} 7. O-O {[%emt 0:00:01]} e6 {[%emt 0:00:00]} 8. Re1 {[%emt 0:00:01]} Be7 {[%emt 0:00:01]} 9. d4 {[%emt 0:00:01]} cxd4 {[%emt 0:00:01]} 10. Nxd4 {[%emt 0:00:00]} Qd7 {[%emt 0:00:08]} 11. Ndb5 {[%emt 0:00:01]} a6 {[%emt 0:00:01]} 12. Nd4 {[%emt 0:00:04]} Qc7 {[%emt 0:00:01]} 13. Be3 {[%emt 0:00:05]} O-O {[%emt 0:00:05]} 14. Rc1 {[%emt 0:00:02]} Ne5 {[%emt 0:00:01]} 15. b3 {[%emt 0:00:02]} Ned7 {[%emt 0:00:01]} 16. h4 {[%emt 0:00:08]} Rfd8 {[%emt 0:00:01]} 17. h5 {[%emt 0:00:01]} h6 {[%emt 0:00:02]} 18. Nde2 {[%emt 0:00:02]} Bf8 {[%emt 0:00:02]} 19. Nf4 {[%emt 0:00:02]} Rac8 {[%emt 0:00:00]} 20. Rc2 {[%emt 0:00:02]} Bc6 {[%emt 0:00:01]} 21. Rd2 {[%emt 0:00:01]} Qb7 {[%emt 0:00:01]} 22. f3 {[%emt 0:00:02]} b5 {[%emt 0:00:01]} 23. cxb5 {[%emt 0:00:01]} axb5 {[%emt 0:00:00]} 24. Nce2 {[%emt 0:00:02]} Nc5 {[%emt 0:00:03]} 25. g4 {[%emt 0:00:02]} Be7 {[%emt 0:00:02]} 26. Nh3 {[%emt 0:00:01]} Be8 {[%emt 0:00:01]} 27. Nd4 {[%emt 0:00:01]} b4 {[%emt 0:00:05]} 28. Qe2 {[%emt 0:00:02]} Bf8 {[%emt 0:00:01]} 29. Red1 {[%emt 0:00:01]} Ra8 {[%emt 0:00:01]} 30. Qf2 {[%emt 0:00:04]} Rdc8 {[%emt 0:00:01]} 31. Qg3 {[%emt 0:00:01]} Nh7 {[%emt 0:00:01]} 32. g5 {[%emt 0:00:01]} hxg5 {[%emt 0:00:01]} 33. Nxg5 {[%emt 0:00:00]} Nxg5 {[%emt 0:00:01]} 34. Bxg5 {[%emt 0:00:00]} Be7 {[%emt 0:00:01]} 35. h6 {[%emt 0:00:00]} g6 {[%emt 0:00:03]} 36. Bxe7 {[%emt 0:00:01]} Qxe7 {[%emt 0:00:00]} 37. f4 {[%emt 0:00:00]} Qf6 {[%emt 0:00:01]} 38. f5 {[%emt 0:00:00]} e5 {[%emt 0:00:01]} 39. Nf3 {[%emt 0:00:01]} Kh8 {[%emt 0:00:01]} 40. Ng5 {[%emt 0:00:01]} gxf5 {[%emt 0:00:01]} 41. exf5 {[%emt 0:00:01]} Bc6 {[%emt 0:00:00]} 42. h7 {[%emt 0:00:00]} Bxg2 {[%emt 0:00:02]} 43. Rxg2 {[%emt 0:00:00]} Rd8 {[%emt 0:00:02]} 44. Rf1 {[%emt 0:00:00]} Rf8 {[%emt 0:00:00]} 45. Nxf7+ {[%emt 0:00:00]} Rxf7 {[%emt 0:00:01]} 46. Qg8+ {[%emt 0:00:00] Time Time Time (Lag: Av=0.56s, max=1.0s) (Lag: Av=0.56s, max=1.0s) (Lag: Av=0.56s, max=1.0s)} 1-0

[Event "388 Stay Safe Play From Home series"]
[Site "Emanuel Lasker Arena"]
[Date "2020.08.17"]
[Round "5"]
[White "Mepe_Nika"]
[Black "NTBT_DHS"]
[Result "1-0"]
[WhiteElo "2374"]
[BlackElo "2578"]
[Annotator "TA"]
[PlyCount "47"]
[EventDate "2020.08.17"]
[EventType "swiss (blitz)"]

{[%evp 9,46,58,57,20,101,20,163,139,256,224,256,250,249,250,262,227,638,631,635,600,523,251,1055,1081,1389,1417,2392,2276,29997,29995,29998,1635,1860,0,29998,29996,29998,29999,29999]} 1. d4 Nf6 2. Bf4 g6 3. Nc3 Bg7 4. e4 O-O 5. e5 Ne8 6. Qd2 {[#] A45: Trompowsky Attack.} b6 $146 (6... d6 $11) ({Predecessor:} 6... d6 7. Nf3 Nc6 8. h3 dxe5 9. dxe5 Qxd2+ 10. Kxd2 Bf5 11. Rd1 Rd8+ 12. Kc1 Rxd1+ 13. Kxd1 {1-0 (64) Hasman,C (2161)-Sandalakis,A (2448) Lisbon 2018}) 7. Bh6 (7. O-O-O $16) 7... Bb7 {[#]} (7... d6 $11 {and Black is okay.}) 8. h4 $1 $18 {White is clearly better.} d6 (8... c5 $16) 9. h5 dxe5 10. Bxg7 Nxg7 11. hxg6 fxg6 12. Qh6 ({Resist} 12. Bc4+ $6 e6 $16) 12... exd4 $2 (12... Nh5) 13. Qxh7+ Kf7 14. Bd3 (14. Bc4+ e6 $16) 14... Qd6 15. Ne4 (15. Rh6 $142 {[%cal Rd3g6]} Qe5+ 16. Nge2) 15... Qe5 $2 (15... Bxe4 16. Bxe4 Nd7) 16. Nf3 Qa5+ 17. Kf1 Bxe4 18. Bxe4 Nd7 19. Qxg6+ Kg8 {[#]} 20. Qh7+ (20. Rh8+ $142 $1 {[%mdl 512]} Kxh8 21. Qh7#) 20... Kf7 21. Qg6+ $40 {[%mdl 128] White mounts an attack.} (21. Re1 $18 Ke8 22. Qxg7) 21... Kg8 22. Rh7 {[%csl Gh7][%cal Rg6g7] White mates.} Rf7 {[#]} 23. Rh8+ $1 {[%mdl 576] Decoy, Clearance} Kxh8 24. Qh7# {White took control after the opening. Accuracy: White = 65%, Black = 15%.} 1-0

[Event "388 Stay Safe Play From Home series"]
[Site "Emanuel Lasker Arena"]
[Date "2020.08.17"]
[Round "5"]
[White "Hickey"]
[Black "AChessPlayer"]
[Result "1-0"]
[WhiteElo "2230"]
[BlackElo "2436"]
[Annotator "TA"]
[PlyCount "105"]
[EventDate "2020.08.17"]
[EventType "swiss (blitz)"]

{[%evp 14,105,41,21,37,20,18,4,0,-21,8,-94,17,10,18,0,6,-10,0,-8,0,0,17,0,10,-14,3,-7,-11,-14,-6,-9,69,73,95,96,105,29,54,0,0,-75,0,0,29,12,21,21,63,2,15,0,0,-10,0,-30,0,-65,0,0,16,-26,0,-11,20,-10,0,-24,164,-26,-27,-26,0,-1,0,0,0,0,0,0,0,0,0,0,0,0,0,0,0,0,0,-262,-262,-29956]} 1. Nf3 Nf6 2. g3 g6 3. Bg2 Bg7 4. O-O O-O 5. c4 c6 6. Nc3 d6 7. d4 Qa5 8. Bg5 h6 {E62: King's Indian: Fianchetto: 6...c6 and Panno Variation (6...Nc6) without ...a6.} 9. Bxf6 (9. Be3 {feels hotter.} Qh5 10. h4 Nbd7 11. Nh2 Qa5 12. Qd2) 9... Bxf6 10. e4 Bg7 {The position is equal.} 11. h3 {[#]} Qb4 $146 ({Predecessor:} 11... c5 12. Rc1 Nc6 13. d5 Nd4 14. a3 Nxf3+ 15. Qxf3 a6 16. Rb1 Bd7 17. Ne2 b5 {0-1 (40) Zaremba,A (2337)-Perelshteyn,E (2429) Philadelphia 2000}) 12. Qd3 (12. Qe2 $1 $11 {remains equal.}) 12... Be6 (12... Qxb2 $17 13. Rfb1 Qa3) 13. b3 $11 Na6 14. Rac1 Rad8 15. Kh2 Bc8 16. Qe3 Qa5 17. d5 c5 18. a4 Nc7 19. Nb5 a6 20. Nxc7 Qxc7 21. Nd2 Bd7 22. f4 f5 (22... b5 $11) 23. Nf3 $14 b5 24. axb5 axb5 25. e5 (25. Nh4 $16) 25... Ra8 26. Rcd1 (26. Ra1 $14) 26... Ra3 $11 {next ...bxc4 is good for Black.} 27. Rd3 (27. cxb5 $11 {keeps the balance.} Bxb5 28. Rfe1) 27... Rfa8 (27... bxc4 $17 28. bxc4 Rxd3 29. Qxd3 dxe5 30. fxe5 Bxe5 31. Nxe5 Qxe5) 28. Re1 bxc4 29. bxc4 Rxd3 (29... R3a4 {seems wilder.} 30. Qe2 Qb8 31. Rd2 Qf8 32. h4 Rb4) 30. Qxd3 Be8 31. exd6 (31. h4 $14) 31... exd6 32. Re6 {[#] Nh4 is the strong threat.} Bf7 33. Re3 Bf6 34. Qe2 Kg7 35. g4 ({White should play} 35. Ne5 $11) 35... Qd7 (35... fxg4 $15 36. hxg4 g5) 36. g5 hxg5 37. Nxg5 Bg8 38. Ne6+ Kh8 39. Qf2 Qh7 40. Qg3 (40. Ng5 $5 {[%cal Rg5h7]} Qd7 41. Re6 $11) 40... Ra1 $2 {[#]} (40... Bh4 $11 41. Qf3 Qe7) 41. Re1 $2 (41. Nf8 $1 $18 {[%cal Rf8h7]} Qg7 42. Nxg6+ Kh7 43. Nh4 Qxg3+ 44. Kxg3) 41... Rxe1 42. Qxe1 Qf7 43. Qg3 Bh7 44. h4 Kg8 45. h5 Kh8 46. hxg6 Bxg6 47. Qh3+ (47. Bh3 {is interesting.} Be7 48. Qb3 Kh7 49. Qb1 Qf6 50. Kg2) 47... Qh7 48. Qxh7+ Bxh7 49. Bf3 Bg8 50. Nc7 Bf7 51. Nb5 Be7 52. Nxd6 $2 {[%mdl 8192]} (52. Be2 $11 {and White has nothing to worry.}) 52... Bxd6 $19 53. Be2 $2 {[%mdl 32768] Accuracy: White = 64%, Black = 60%. . Loss on time!?} (53. Kg3 $19) 1-0

[Event "388 Stay Safe Play From Home series"]
[Site "Emanuel Lasker Arena"]
[Date "2020.08.17"]
[Round "5"]
[White "Lazieri3"]
[Black "IceQueen"]
[Result "0-1"]
[WhiteElo "2133"]
[BlackElo "2295"]
[PlyCount "58"]
[EventDate "2020.08.17"]
[EventType "swiss (blitz)"]

1. e4 {[%emt 0:00:01]} c5 {[%emt 0:00:00]} 2. Nc3 {[%emt 0:00:02]} Nc6 {[%emt 0:00:00]} 3. d3 {[%emt 0:00:00]} g6 {[%emt 0:00:01]} 4. Nf3 {[%emt 0:00:01]} Bg7 {[%emt 0:00:00]} 5. Be2 {[%emt 0:00:03]} e6 {[%emt 0:00:02]} 6. Bg5 {[%emt 0:00:01]} Nge7 {[%emt 0:00:01]} 7. Qd2 {[%emt 0:00:02]} h6 {[%emt 0:00:00]} 8. Bh4 {[%emt 0:00:01]} d5 {[%emt 0:00:01]} 9. exd5 {[%emt 0:00:01]} exd5 {[%emt 0:00:00]} 10. d4 {[%emt 0:00:01]} g5 {[%emt 0:00:01]} 11. Bg3 {[%emt 0:00:01]} cxd4 {[%emt 0:00:00]} 12. Nb5 {[%emt 0:00:02]} O-O {[%emt 0:00:02]} 13. Nbxd4 {[%emt 0:00:02]} Nf5 {[%emt 0:00:02]} 14. Nxf5 {[%emt 0:00:01]} Bxf5 {[%emt 0:00:00]} 15. O-O {[%emt 0:00:01]} Be4 {[%emt 0:00:01]} 16. c3 {[%emt 0:00:05]} Qb6 {[%emt 0:00:00]} 17. Rfd1 {[%emt 0:00:03]} f5 {[%emt 0:00:01]} 18. h3 {[%emt 0:00:05]} f4 {[%emt 0:00:01]} 19. Bh2 {[%emt 0:00:00]} Rad8 {[%emt 0:00:00]} 20. Nd4 {[%emt 0:00:03]} Ne5 {[%emt 0:00:02]} 21. a4 {[%emt 0:00:06]} Qg6 {[%emt 0:00:01]} 22. Bg4 {[%emt 0:00:04]} Rde8 {[%emt 0:00:03]} 23. Ne6 {[%emt 0:00:02]} Rxe6 {[%emt 0:00:02]} 24. Bxe6+ {[%emt 0:00:00]} Qxe6 {[%emt 0:00:00]} 25. f3 {[%emt 0:00:01]} Bxf3 {[%emt 0:00:01]} 26. Qd4 {[%emt 0:00:05]} Be4 {[%emt 0:00:02]} 27. Qc5 {[%emt 0:00:02]} g4 {[%emt 0:00:02]} 28. hxg4 {[%emt 0:00:01]} Qxg4 {[%emt 0:00:00]} 29. Rxd5 {[%emt 0:00:02]} Qxg2# {[%emt 0:00:01] (Lag: Av=0.52s, max=1.0s) (Lag: Av=0.52s, max=1.0s) (Lag: Av=0.52s, max=1.0s)} 0-1

[Event "388 Stay Safe Play From Home series"]
[Site "Emanuel Lasker Arena"]
[Date "2020.08.17"]
[Round "5"]
[White "Stefanone"]
[Black "Fat Kevin"]
[Result "0-1"]
[WhiteElo "1999"]
[BlackElo "1960"]
[Annotator "NA"]
[PlyCount "82"]
[EventDate "2020.08.17"]
[EventType "swiss (blitz)"]

1. d4 {[%emt 0:00:01]} c5 {[%emt 0:00:00]} 2. e3 {[%emt 0:00:00]} cxd4 {[%emt 0:00:00]} 3. exd4 {[%emt 0:00:00]} Nf6 {[%emt 0:00:00]} 4. c3 {[%emt 0:00:00]} d5 {[%emt 0:00:00]} 5. f4 {[%emt 0:00:00]} Nc6 {[%emt 0:00:00]} 6. Nf3 {[%emt 0:00:00]} g6 {[%emt 0:00:00]} 7. Bd3 {[%emt 0:00:00]} Bg7 {[%emt 0:00:00]} 8. Qe2 {[%emt 0:00:00]} O-O {[%emt 0:00:00]} 9. O-O {[%emt 0:00:01]} Ne8 {[%emt 0:00:01]} 10. Nbd2 {[%emt 0:00:01]} f5 {[%emt 0:00:01]} 11. Ne5 {[%emt 0:00:01]} Nd6 {[%emt 0:00:01]} 12. Kh1 {[%emt 0:00:01]} e6 {[%emt 0:00:01]} 13. Ndf3 {[%emt 0:00:01]} a6 {[%emt 0:00:03]} 14. Be3 {[%emt 0:00:01]} Ne4 {[%emt 0:00:02]} 15. Bxe4 {[%emt 0:00:01]} dxe4 {[%emt 0:00:01]} 16. Nd2 {[%emt 0:00:00]} Nxe5 {[%emt 0:00:01]} 17. fxe5 {[%emt 0:00:01]} Bd7 {[%emt 0:00:01]} 18. Qf2 {[%emt 0:00:01]} Rc8 {[%emt 0:00:01]} 19. Qg3 {[%emt 0:00:01]} Qb6 {[%emt 0:00:04]} 20. b3 {[%emt 0:00:03]} Rxc3 {[%emt 0:00:02]} 21. Nc4 {[%emt 0:00:00]} Qd8 {[%emt 0:00:06]} 22. Qf2 {[%emt 0:00:01]} b5 {[%emt 0:00:02]} 23. Qd2 {[%emt 0:00:02]} Rd3 {[%emt 0:00:01]} 24. Qe2 {[%emt 0:00:02]} bxc4 {[%emt 0:00:00]} 25. bxc4 {[%emt 0:00:00]} Ba4 {[%emt 0:00:01]} 26. Rac1 {[%emt 0:00:01]} Qa5 {[%emt 0:00:03]} 27. Qf2 {[%emt 0:00:01]} Qb4 {[%emt 0:00:01]} 28. c5 {[%emt 0:00:03]} Qa3 {[%emt 0:00:01]} 29. c6 {[%emt 0:00:02]} Rxe3 {[%emt 0:00:01]} 30. c7 {[%emt 0:00:02]} Rc3 {[%emt 0:00:01]} 31. Rce1 {[%emt 0:00:02]} Rxc7 {[%emt 0:00:01]} 32. Qf4 {[%emt 0:00:01]} Rd7 {[%emt 0:00:01]} 33. g4 {[%emt 0:00:02]} Rxd4 {[%emt 0:00:02]} 34. gxf5 {[%emt 0:00:01]} exf5 {[%emt 0:00:00]} 35. Qg5 {[%emt 0:00:01]} Qc5 {[%emt 0:00:01]} 36. Qg1 {[%emt 0:00:02]} Qxe5 {[%emt 0:00:01]} 37. Qg3 {[%emt 0:00:01]} Bc6 {[%emt 0:00:01]} 38. h3 {[%emt 0:00:00]} e3+ {[%emt 0:00:00]} 39. Kh2 {[%emt 0:00:03]} Rd2+ {[%emt 0:00:01]} 40. Rf2 {[%emt 0:00:02]} exf2 {[%emt 0:00:02]} 41. Qxe5 {[%emt 0:00:01]} fxe1=Q+ {[%emt 0:00:01] Stefanone abbandona Stefanone abbandona Stefanone abbandona (Lag: Av=0.33s, max=0.4s) (Lag: Av=0.33s, max=0.4s) (Lag: Av=0.33s, max=0.4s)} 0-1

[Event "388 Stay Safe Play From Home series"]
[Site "Emanuel Lasker Arena"]
[Date "2020.08.17"]
[Round "5"]
[White "Trotsky"]
[Black "Padmaesh M K"]
[Result "0-1"]
[WhiteElo "1599"]
[BlackElo "1840"]
[Annotator "NA"]
[PlyCount "38"]
[EventDate "2020.08.17"]
[EventType "swiss (blitz)"]

1. d4 {[%emt 0:00:30]} Nf6 {[%emt 0:00:05]} 2. e3 {[%emt 0:00:01]} d5 {[%emt 0:00:01]} 3. c4 {[%emt 0:00:01]} Bg4 {[%emt 0:00:00]} 4. f3 {[%emt 0:00:02]} Bd7 {[%emt 0:00:01]} 5. Nc3 {[%emt 0:00:01]} c6 {[%emt 0:00:02]} 6. c5 {[%emt 0:00:01]} Bc8 {[%emt 0:00:03]} 7. Bd3 {[%emt 0:00:01]} Nbd7 {[%emt 0:00:00]} 8. Qc2 {[%emt 0:00:02]} Qc7 {[%emt 0:00:00]} 9. Bd2 {[%emt 0:00:03]} e5 {[%emt 0:00:00]} 10. O-O-O {[%emt 0:00:01]} exd4 {[%emt 0:00:01]} 11. exd4 {[%emt 0:00:01]} Be7 {[%emt 0:00:00]} 12. h4 {[%emt 0:00:01]} b6 {[%emt 0:00:05]} 13. Nh3 {[%emt 0:00:01]} bxc5 {[%emt 0:00:02]} 14. dxc5 {[%emt 0:00:02]} Nxc5 {[%emt 0:00:00]} 15. Ng5 {[%emt 0:00:04]} a5 {[%emt 0:00:03]} 16. Rde1 {[%emt 0:00:04]} Nxd3+ {[%emt 0:00:04]} 17. Qxd3 {[%emt 0:00:02]} h6 {[%emt 0:00:01]} 18. h5 {[%emt 0:00:02]} Ba6 {[%emt 0:00:06] ' ' '} 19. Nxf7 {[%emt 0:00:01]} Bxd3 {[%emt 0:00:03] Âðåìÿ Âðåìÿ Âðåìÿ (Lag: Av=0.37s, max=0.5s) (Lag: Av=0.37s, max=0.5s) (Lag: Av=0.37s, max=0.5s)} 0-1

[Event "388 Stay Safe Play From Home series"]
[Site "Emanuel Lasker Arena"]
[Date "2020.08.17"]
[Round "6"]
[White "IceQueen"]
[Black "Hickey"]
[Result "1-0"]
[WhiteElo "2304"]
[BlackElo "2256"]
[PlyCount "141"]
[EventDate "2020.08.17"]
[EventType "swiss (blitz)"]

1. e4 {[%emt 0:00:02]} c6 {[%emt 0:00:01]} 2. Nc3 {[%emt 0:00:00]} d5 {[%emt 0:00:00]} 3. Nf3 {[%emt 0:00:00]} dxe4 {[%emt 0:00:01]} 4. Nxe4 {[%emt 0:00:00]} Nf6 {[%emt 0:00:00]} 5. Nxf6+ {[%emt 0:00:00]} exf6 {[%emt 0:00:00]} 6. d4 {[%emt 0:00:00]} Bd6 {[%emt 0:00:00]} 7. Bd3 {[%emt 0:00:00]} O-O {[%emt 0:00:00]} 8. O-O {[%emt 0:00:00]} Re8 {[%emt 0:00:01]} 9. c3 {[%emt 0:00:00]} Bg4 {[%emt 0:00:01]} 10. h3 {[%emt 0:00:01]} Bh5 {[%emt 0:00:01]} 11. Be3 {[%emt 0:00:01]} Nd7 {[%emt 0:00:02]} 12. Be2 {[%emt 0:00:00]} Nf8 {[%emt 0:00:01]} 13. Nd2 {[%emt 0:00:00]} Bg6 {[%emt 0:00:01]} 14. Nc4 {[%emt 0:00:01]} Bc7 {[%emt 0:00:01]} 15. Bf3 {[%emt 0:00:00]} b5 {[%emt 0:00:01]} 16. Nd2 {[%emt 0:00:02]} Qd6 {[%emt 0:00:01]} 17. g3 {[%emt 0:00:01]} Ne6 {[%emt 0:00:01]} 18. Bg2 {[%emt 0:00:01]} Rad8 {[%emt 0:00:01]} 19. Re1 {[%emt 0:00:00]} Bb6 {[%emt 0:00:01]} 20. a4 {[%emt 0:00:01]} a6 {[%emt 0:00:01]} 21. axb5 {[%emt 0:00:00]} axb5 {[%emt 0:00:00]} 22. Ra6 {[%emt 0:00:00]} Rb8 {[%emt 0:00:00]} 23. Nf3 {[%emt 0:00:05]} Rec8 {[%emt 0:00:02]} 24. Nh4 {[%emt 0:00:01]} Nc7 {[%emt 0:00:02]} 25. Bf4 {[%emt 0:00:01]} Qd7 {[%emt 0:00:02]} 26. Bxc7 {[%emt 0:00:01]} Rxc7 {[%emt 0:00:03]} 27. Nxg6 {[%emt 0:00:00]} hxg6 {[%emt 0:00:01]} 28. Qf3 {[%emt 0:00:00]} Rbb7 {[%emt 0:00:03]} 29. h4 {[%emt 0:00:01]} Ra7 {[%emt 0:00:01]} 30. Rxa7 {[%emt 0:00:01]} Bxa7 {[%emt 0:00:00]} 31. h5 {[%emt 0:00:01]} gxh5 {[%emt 0:00:01]} 32. Qxh5 {[%emt 0:00:00]} Rc8 {[%emt 0:00:01]} 33. Bh3 {[%emt 0:00:01]} Qc7 {[%emt 0:00:09]} 34. Bxc8 {[%emt 0:00:01]} Qxc8 {[%emt 0:00:00]} 35. Qe2 {[%emt 0:00:01]} Kf8 {[%emt 0:00:02]} 36. Qe7+ {[%emt 0:00:01]} Kg8 {[%emt 0:00:00]} 37. Qe8+ {[%emt 0:00:00]} Qxe8 {[%emt 0:00:00]} 38. Rxe8+ {[%emt 0:00:00]} Kh7 {[%emt 0:00:00]} 39. Re7 {[%emt 0:00:00]} Bb6 {[%emt 0:00:01]} 40. Rxf7 {[%emt 0:00:01]} b4 {[%emt 0:00:01]} 41. Rb7 {[%emt 0:00:00]} bxc3 {[%emt 0:00:01]} 42. bxc3 {[%emt 0:00:01]} Ba5 {[%emt 0:00:01]} 43. c4 {[%emt 0:00:01]} Bc3 {[%emt 0:00:01]} 44. d5 {[%emt 0:00:01]} cxd5 {[%emt 0:00:00]} 45. cxd5 {[%emt 0:00:00]} Kg8 {[%emt 0:00:00]} 46. d6 {[%emt 0:00:01]} Kf8 {[%emt 0:00:00]} 47. Rb8+ {[%emt 0:00:01]} Kf7 {[%emt 0:00:01]} 48. d7 {[%emt 0:00:00]} Ba5 {[%emt 0:00:02]} 49. d8=Q {[%emt 0:00:00]} Bxd8 {[%emt 0:00:00]} 50. Rxd8 {[%emt 0:00:00]} Ke7 {[%emt 0:00:00]} 51. Rd3 {[%emt 0:00:00]} Ke6 {[%emt 0:00:01]} 52. Kg2 {[%emt 0:00:00]} Ke5 {[%emt 0:00:00]} 53. f4+ {[%emt 0:00:00]} Ke4 {[%emt 0:00:00]} 54. Rd7 {[%emt 0:00:01]} g6 {[%emt 0:00:01]} 55. Re7+ {[%emt 0:00:00]} Kf5 {[%emt 0:00:00]} 56. Kf3 {[%emt 0:00:01]} g5 {[%emt 0:00:00]} 57. g4+ {[%emt 0:00:00]} Kg6 {[%emt 0:00:00]} 58. fxg5 {[%emt 0:00:02]} Kxg5 {[%emt 0:00:01]} 59. Rg7+ {[%emt 0:00:01]} Kh6 {[%emt 0:00:01]} 60. Ra7 {[%emt 0:00:00]} Kg6 {[%emt 0:00:00]} 61. Kf4 {[%emt 0:00:01]} Kh6 {[%emt 0:00:00]} 62. Ra6 {[%emt 0:00:01]} Kg6 {[%emt 0:00:00]} 63. Rb6 {[%emt 0:00:00]} Kh6 {[%emt 0:00:00]} 64. Rxf6+ {[%emt 0:00:01]} Kg7 {[%emt 0:00:00]} 65. g5 {[%emt 0:00:00]} Kh7 {[%emt 0:00:00]} 66. Kf5 {[%emt 0:00:00]} Kg7 {[%emt 0:00:00]} 67. Ra6 {[%emt 0:00:00]} Kh7 {[%emt 0:00:00]} 68. Ra7+ {[%emt 0:00:00]} Kg8 {[%emt 0:00:00]} 69. Kf6 {[%emt 0:00:00]} Kh8 {[%emt 0:00:00]} 70. g6 {[%emt 0:00:00]} Kg8 {[%emt 0:00:00]} 71. Ra8# {[%emt 0:00:00] (Lag: Av=0.59s, max=1.3s) (Lag: Av=0.59s, max=1.3s) (Lag: Av=0.59s, max=1.3s)} 1-0

[Event "388 Stay Safe Play From Home series"]
[Site "Emanuel Lasker Arena"]
[Date "2020.08.17"]
[Round "6"]
[White "Lazieri3"]
[Black "Mepe_Nika"]
[Result "0-1"]
[WhiteElo "2123"]
[BlackElo "2400"]
[Annotator "TA"]
[PlyCount "16"]
[EventDate "2020.08.17"]
[EventType "swiss (blitz)"]

{[%evp 13,16,9,20,-378,-369]} 1. e4 c6 2. Nc3 d5 3. d4 dxe4 4. Nxe4 Nf6 5. Nxf6+ exf6 6. Nf3 Bd6 7. Bd3 O-O {[#]} 8. Bf4 $146 {[%mdl 8192] [#] B15: Caro-Kann: 3 Nc3: 3...g6 and 3...dxe4 4 Nxe4 Nf6 5 Nxf6+ exf6.} (8. Be3 $11 {and White stays safe.}) ({Predecessor:} 8. O-O Re8 9. h3 Nd7 10. c3 Nf8 11. Qc2 Be6 12. Re1 Qd7 13. Be3 Ng6 14. Bf1 Bd5 15. Qd1 Nf4 16. Nd2 Qf5 {1-0 (59) Radjabov,T (2765)-Artemiev,V (2716) chess.com INT 2020}) 8... Bxf4 0-1

[Event "388 Stay Safe Play From Home series"]
[Site "Emanuel Lasker Arena"]
[Date "2020.08.17"]
[Round "6"]
[White "Fat Kevin"]
[Black "AChessPlayer"]
[Result "0-1"]
[WhiteElo "1979"]
[BlackElo "2410"]
[Annotator "TA"]
[PlyCount "80"]
[EventDate "2020.08.17"]
[EventType "swiss (blitz)"]

{[%evp 10,80,11,-13,17,2,67,16,10,0,6,-15,0,2,14,9,6,5,5,9,12,0,0,2,10,-287,27,-18,-17,-20,-18,-36,-32,-32,-26,-57,-16,-11,-10,-16,-10,-5,32,-25,-25,-68,-16,-58,77,72,75,0,0,0,0,-40,-38,-99,-75,-211,-72,-114,-88,-215,-200,-211,-61,-164,-87,-550,-532,-1287,-1278]} 1. d4 c6 2. c4 Nf6 3. Nc3 d5 4. cxd5 cxd5 5. Nf3 Nc6 6. g3 a6 {D13: Slav Defence: Exchange variation without ...Bf5.} 7. Bg2 Bg4 (7... Bf5 $11) 8. O-O (8. Ne5 $14) 8... e6 $11 {The position is equal.} 9. Bg5 Be7 {[#]} 10. e3 $146 ({Predecessor:} 10. a3 Bxf3 11. Bxf3 Qb6 12. e3 Rc8 13. Qd3 O-O 14. Rfc1 Na5 15. Bd1 Nc4 16. Qc2 Qxb2 17. Qxb2 Nxb2 {0-1 (41) Schein,H (1154)-Sarach,M (1580) Korbach 2006}) 10... O-O 11. h3 Bxf3 12. Bxf3 Rc8 13. Rc1 Nd7 14. Bxe7 $1 Nxe7 15. a3 Qb6 16. Na4 Qb5 {[#] White must now prevent ...Rxc1.} 17. Be2 $2 {[%mdl 8192]} (17. Ra1 $11) 17... Qa5 $2 (17... Rxc1 $19 18. Bxb5 Rxd1 19. Bxd7 Rd2) 18. b4 Rxc1 19. bxa5 Rxd1 20. Rxd1 Rc8 21. Rb1 Rc7 22. Bd3 Nc8 23. Kf1 Nd6 24. Ke2 Nb8 25. Nc5 Kf8 26. f3 ({White should try} 26. Bxh7 $14 Nc6 27. h4) 26... g6 27. e4 dxe4 ({Black should play} 27... Nc6 $15 28. Nb3 Nc4) 28. fxe4 e5 (28... Nc6 $15 {keeps the upper hand.} 29. Nb3 e5) 29. dxe5 $16 {aiming for Nxa6.} Nb5 {Strongly threatening ...Nc3+.} 30. Bxb5 ({Better is} 30. Rc1 $16 {Bxb5 is the strong threat.} Ke7 31. Bxb5 axb5 32. Kd2) 30... Rxc5 {[%mdl 4096] Endgame KRB-KRN} 31. Bd3 Rc7 32. Rb6 Nd7 33. Rd6 (33. Rb3 $15) 33... Nxe5 34. Ke3 (34. Rd5 $17 {might work better.} Nc4 35. g4) 34... Ke7 (34... Rc3 $19 {and Black stays clearly on top. And now ...Nc4+ would win.} 35. Rd5 Nc6) 35. Rd5 f6 36. Kd4 (36. Kd2 $17) 36... h5 $19 37. Be2 h4 (37... Rc2 $19 38. Ke3 Rc3+ 39. Kf2 Rxa3) 38. g4 {[#]} (38. gxh4 $15 Rc2 39. Bg4) 38... g5 (38... Rc2 $1 $19 {[%cal Rc2e2]} 39. g5 Rxe2 40. gxf6+ Kxf6 41. Rd6+ Kg5 42. Kxe5 Re3 {[%mdl 64] Double Attack}) 39. Bf1 $2 {[%mdl 8192]} (39. Rc5 $17 {was the crucial defense.} Rd7+ 40. Ke3) 39... Rc1 40. Ke3 Rxf1 {Accuracy: White = 34%, Black = 50%.} 0-1